000 01157cam a22002654a 4500
005 20230620094927.0
008 000107s2000 nyua 001 0 eng
010 _a 00020736
020 _a047138576X (paper/cdrom : alk. paper)
040 _aDLC
_cDLC
_dDLC
042 _apcc
082 0 0 _a005.44
_221
_bMOR-P
100 1 _aMorin, Randy.
245 1 0 _aProgramming Windows services :
_bimplementing application servers /
_cRandy C. Morin.
260 _aNew York :
_bJohn Wiley & Sons,
_cc2000.
300 _axvii, 429 p. :
_bill. ;
_c23 cm. +
500 _a"Wiley Computer Publishing."
650 0 _aClient/server computing.
650 0 _aInternet programming.
856 4 _3Table of Contents
_uhttp://www.loc.gov/catdir/toc/onix06/00020736.html
856 4 2 _3Contributor biographical information
_uhttp://www.loc.gov/catdir/enhancements/fy0707/00020736-b.html
906 _a7
_bcbc
_corignew
_d1
_eocip
_f20
_gy-gencatlg
999 _c18780
_d18780